| 000 | 00620 a2200169 4500 | ||
|---|---|---|---|
| 999 |
_c7179 _d7179 |
||
| 005 | 20190418125006.0 | ||
| 020 |
_a0143031082 _c395.00 |
||
| 035 | _aB-212678-703, B-212696 , B-212685, B-212698 | ||
| 037 | _bBPPD/EA/2007-08/17/71 dt:-05/10/2007 | ||
| 082 | 1 | 4 | _a914.9504 |
| 100 | 1 | _aDalrymple, William | |
| 245 | 1 |
_aFrom the holy mountain: _ba journey in the shadow of Byzantium/ _cby William Dalrymple |
|
| 260 |
_aNew Delhi _bPenguin Books _c2004 |
||
| 270 |
_a11 Community Centre, Panchsheel Park, _bNew Delhi _cDelhi _e110017 |
||
| 300 |
_axvi,483 p _c19cm(pbk) |
||
| 942 |
_adpl _cEN _2ddc _h914.9504 _mDAL |
||